[Event "World ol U16"]
[Site "Poprad"]
[Date "2016.07.28"]
[Round "8.1"]
[White "Bjerre, Jonas Buhl"]
[Black "Lin, Pin Chen"]
[Result "1-0"]
[WhiteElo "2396"]
[BlackElo "2077"]
[PlyCount "41"]
[EventDate "2016.07.22"]
[EventType "team-swiss"]
[EventRounds "9"]
[EventCountry "SVK"]
[SourceTitle "EXT 2017"]
[Source "ChessBase"]
[SourceDate "2016.10.25"]
[SourceVersion "1"]
[SourceVersionDate "2016.10.25"]
[SourceQuality "1"]
[WhiteTeam "Denmark"]
[BlackTeam "Japan"]
[WhiteTeamCountry "DEN"]
[BlackTeamCountry "JPN"]

1. e4 e6 2. d4 d5 3. Nd2 Nf6 4. e5 Nfd7 5. Bd3 c5 6. c3 Nc6 7. Ne2 cxd4 8. cxd4 f6 9. Nf4 Nxd4 10. Qh5+ Ke7 11. exf6+ Nxf6 12. Ng6+ hxg6 13. Qxh8 Kf7 14. 0-0 e5 15. Nb3 Nxb3 16. axb3 Qb6 17. Bxg6+ Kxg6 18. Qxf8 Qe6 19. f4 exf4 20. Bxf4 Qf7 21. Qh8 1-0